MDQL
is popping MORE tags! Check the
thread
!
Quizzes
Events
Quiz Creation
Community
Videos
Private Events
Remove Ads
Sign In
Join for FREE
Feedback
Dark Mode
Quiz Categories
Sports
Geography
Music
Movies
Television
Just For Fun
Miscellaneous
History
Literature
Language
Science
Gaming
Entertainment
Religion
Holiday
For Kids
Quiz Lab
Recent
Popular Today
Quiz Kudos Today
Editor Picks
Curator Picks
Quizzes by...
Day
Popularity
Type
Ratings
Length
Year
Community
Subscriptions
Recent Discussions
Orange Saloon
Badges
Playlists
Quests
Create
Leaderboards
Showdown
Live 5
Trivia Bingo
Activity
Puzzle Library
Sporcle Events
Private Events
Virtual Trivia
Globe League
Become a Host
Pub Owners
SporcleCon
Opinionation
Our Games
Videos
Blog
Mobile Apps
Partnerships
Remove Ads and Go Orange
Feedback
Sports
Athletes
MLB
NBA
NHL
NFL
Soccer
Sports Teams
WWE
NCAA
Football
Premier League
Basketball
Baseball
Hockey
Golf
Tennis
Cricket
Rugby
Auto Racing
Olympics
World Cup
Sports
Athletes
MLB
NBA
NHL
NFL
Soccer
Sports Teams
WWE
NCAA
Football
Premier League
Basketball
Baseball
Hockey
Golf
Tennis
Cricket
Rugby
Auto Racing
Olympics
World Cup
Random Quiz
Search Sporcle
×
Quiz Lab
Quiz Lab
Sports
WWE
Type in answers that appear in a list
Type in answers that appear in a list
Classic
Best Score? Go Orange.
WWE PPV Competitors Beginning with C Stats
Can you name the WWE PPV Competitors Beginning with C?
By
CosmoBrown
10m
46 Questions
304 Plays
304 Plays
304 Plays
Comments
Comments
Give Quiz Kudos
Give Quiz Kudos
-
- Ratings
hide this ad
More Info
Replay
Link that replays current quiz
Next Quiz
Link to next quiz in quiz playlist
You Got
0%
They Got
Avg Score
30%
Avg Friend Score
Upgrade to see
Score Distribution
Jump to the score distribution portion of the page
Score
0/46
Timer
10:00
0
Plays Today
Wrestler
% Correct
Chris Jericho
87.2%
Christian
84.5%
Chris Benoit
80.6%
Carlito
76.6%
Chris Masters
61.2%
Crush
59.9%
Carmella
58.3%
Charlotte Flair
58.3%
Chavo Guerrero
53.9%
C.M. Punk
53%
Chyna
48.7%
Christopher Nowinski
48%
Curtis Axel
45.5%
Crash Holly
44.4%
Charlie Haas
43.8%
Chris Kanyon
42.6%
Candice Michelle
41.8%
Cameron
41.7%
Chainsaw Charlie
41.6%
Chainz
40.9%
Camacho
40.8%
Chuck Palumbo
39.8%
Cody Rhodes
39.5%
Wrestler
% Correct
Christy Hemme
37.5%
Cherry
37%
Cactus Jack
36.8%
Chad Gable
33.3%
Chaz
30.3%
Cesaro
28%
Chavo Classic
27.8%
Carlos Colon
26.6%
Colonel Mustafa
24%
Curt Hawkins
23%
Corporal Kirchner
22%
Cedric Alexander
16.7%
Candice Lerae
16.7%
Cheesy
16.4%
Cibernetico
15.5%
Chief Morley
13.6%
The Canadian Earthquake
10.3%
Carmela DeCesare
5.3%
Chaparita Asari
3.2%
Commander Azeez
0%
Chelsea Green
0%
Cain Valasquez
0%
Colin Jost
0%
Quiz Playlist
Details
Report
Send in Message
Add To Playlist
More Info:
Updated as of Summerslam 2022
Classic:
Type in answers that appear in a list
Last Updated: Aug 28, 2022
Quiz Scoreboard
CHALLENGE
Sign Up to Join the Scoreboard
Show All
Scores
Hide
Comments
May contain spoilers
Recently Published
5x2 Blitz: Bands
by SL_Kpop136
Music
30s
Colored Red Africa Blitz
by spor1
Geography
30s
Find the 'City' Movie
by crazypaving
Movies
60s
More to Explore
Quiz From the Vault
Featured Blog Post
14 Easter Pick-up Lines to Find Eggs With
hide this ad
You Might Also Like...
Tags
WWE Quiz
Begins With
competitor
Wrestlers
Today's Top Quizzes in Sports
Browse Sports
hide this ad
Today's Top Quizzes in WWE
Browse WWE
Top Contributed Quizzes in Sports
1
Players with Multiple 50 Home Run Seasons
2
Criteria MLB: Left Handed Sluggers
3
MLB Players with Two .350 Batting Average Seasons
4
Who Hit More Homers?
5
Premier League Clubs since 2000 (minefield)
6
Who Needs Fielders?
7
2020 F1 Drivers Logic Puzzle
8
Les entraîneurs de l'OM et du PSG au 21e siècle
9
Top 10 NHL Goal Scorers of All Time
10
MLB Hall of Famer by Rings
Explore More
Trending Topics
Harry Potter
Crossword
NBA
Marvel
Anime
Disney
Kpop
NFL
Soccer
WWE
Song
Puzzle
Pokémon
Country
The Office
hide this ad
More By:
CosmoBrown
Quiz
Plays
Rating
Category
Featured
Created
Every WWE Royal Rumble Entrant Ever! (1988-2015)
94,456
3.67
Sports
May 17, 2011
Wrestlemania & Starrcade Wrestlers
50,917
4.40
Sports
Feb 23, 2011
Wrestlers to have beaten HHH in the WWE
12,430
3.68
Sports
Aug 17, 2011
Wrestlers to have beaten Steve Austin in the WWE
9,247
4.12
Sports
Aug 28, 2011
Wrestlers to have wrestled on both WWE and TNA PPVs
6,707
3.23
Sports
May 7, 2011
Go to Creator's Profile
Score Distribution
Quiz Creator Spotlight
CosmoBrown
Follow
Send a Message
Quizzes Created
-
Created Quiz Play Count
-
More By This Creator
Popular Quizzes Today
1
Find the 'City' Movie
2
Colored Red Africa Blitz
3
Find the US States - No Outlines Minefield
4
5x2 Blitz: Bands
5
The Countries of the World
6
Find the US States
7
US States
8
9x9 Crossword: Cartoon Network
More Sports Quizzes
ROTY & Finals MVP
Quiz Lab
Trending Quizzes
Colored Red Europe Blitz I
Colored Red Africa Blitz II
Colored Red Europe Blitz II
Colored Red Europe Blitz III
Colored Red Africa Blitz III
Recently Updated
Famous TV Couples
Peacemaker
Champions League XIs: Real Madrid
pecheneg
Largest US Cities 1790-2010
pecheneg
Rides in Walt Disney World
pecheneg
Most Oscar Losses (Acting)
pecheneg
Beyoncé Albums
pecheneg
Leaping Animals
pecheneg
Reality TV Shows (A-Z)
bhenderson79
Rickey Henderson's Hall of Fame Teammates
pecheneg
Champions League XIs: Arsenal
pecheneg
Trending Topics
Kpop
Disney
Crossword
Anime
NBA
Marvel
Harry Potter
Soccer
The Office
NFL
Song
Puzzle
Country
WWE
Pokémon
Your Account Isn't Verified!
In order to create a playlist on Sporcle, you need to verify the email address you used during registration. Go to your
Sporcle Settings
to finish the process.
Report this User
Report this user for behavior that violates our
Community Guidelines
.
Details:
Send Report
Go to the Sporcle.com Mobile Site →
Comments